Every Country That Participated In The 2024 Summer Olympics - Statistics

General Stats
  • This quiz has been taken 71 times
  • The average score is 153 of 204
Answer Stats
# of Athletes Country % Correct
592 United States
93%
2 Andorra
90%
460 Australia
90%
327 Great Britain (United Kingdom)
90%
134 Ireland
90%
8 Albania
88%
405 China
88%
573 France
88%
15 Armenia
86%
195 New Zealand
86%
210 Poland
86%
6 Afghanistan
85%
45 Algeria
85%
165 Belgium
85%
315 Canada
85%
428 Germany
85%
371 Italy
85%
107 Mexico
85%
117 Sweden
85%
78 Austria
83%
1 Belize
83%
277 Brazil
83%
124 Denmark
83%
56 Finland
83%
117 India
83%
403 Japan
83%
59 Morocco
83%
73 Portugal
83%
141 South Korea
83%
48 Azerbaijan
81%
3 Chad
81%
34 Ethiopia
81%
72 Kenya
81%
14 Luxembourg
81%
107 Norway
81%
106 Romania
81%
1 Somalia
81%
149 South Africa
81%
140 Ukraine
81%
13 United Arab Emirates
81%
4 Yemen
81%
7 Zimbabwe
81%
24 Angola
80%
13 Bahrain
80%
11 Botswana
80%
3 Brunei
80%
48 Chile
80%
33 Fiji
80%
100 Greece
80%
170 Hungary
80%
5 Iceland
80%
29 Indonesia
80%
22 Iraq
80%
79 Kazakhstan
80%
4 Laos
80%
258 Netherlands
80%
16 North Korea
80%
4 Oman
80%
9 Saudi Arabia
80%
90 Slovenia
80%
6 Syria
80%
16 Vietnam
80%
6 Costa Rica
78%
111 Czech Republic
78%
6 Democratic Republic of the Congo
78%
58 Dominican Republic
78%
24 Estonia
78%
4 Honduras
78%
41 Iran
78%
88 Israel
78%
12 Jordan
78%
1 Liechtenstein
78%
7 Pakistan
78%
8 Panama
78%
14 Qatar
78%
28 Slovakia
78%
14 South Sudan
78%
383 Spain
78%
4 Sudan
78%
102 Turkey
78%
6 Turkmenistan
78%
86 Uzbekistan
78%
33 Venezuela
78%
136 Argentina
76%
3 Bhutan
76%
46 Bulgaria
76%
3 Cambodia
76%
6 Cameroon
76%
60 Chinese Taipei (Taiwan)
76%
40 Ecuador
76%
148 Egypt
76%
8 El Salvador
76%
3 Equatorial Guinea
76%
28 Georgia
76%
9 Kosovo
76%
51 Lithuania
76%
26 Malaysia
76%
7 Niger
76%
28 Paraguay
76%
4 Saint Lucia
76%
11 Senegal
76%
113 Serbia
76%
5 Suriname
76%
127 Switzerland
76%
14 Tajikistan
76%
5 Togo
76%
25 Uruguay
76%
5 Bosnia and Herzegovina
75%
87 Colombia
75%
61 Cuba
75%
4 Dominica
75%
12 Eritrea
75%
16 Guatemala
75%
7 Haiti
75%
29 Latvia
75%
8 Liberia
75%
6 Libya
75%
7 Madagascar
75%
23 Mali
75%
7 Nicaragua
75%
8 Palestine
75%
26 Peru
75%
4 Republic of the Congo
75%
5 San Marino
75%
23 Singapore
75%
24 Uganda
75%
27 Zambia
75%
18 Bahamas
73%
4 Bolivia
73%
7 Burundi
73%
4 Comoros
73%
73 Croatia
73%
7 Gambia
73%
8 Ghana
73%
24 Guinea
73%
58 Jamaica
73%
3 Lesotho
73%
2 Mauritania
73%
13 Mauritius
73%
26 Moldova
73%
7 Nepal
73%
88 Nigeria
73%
7 North Macedonia
73%
3 Saint Kitts and Nevis
73%
3 Seychelles
73%
7 Tanzania
73%
51 Thailand
73%
27 Tunisia
73%
2 American Samoa
71%
5 Antigua and Barbuda
71%
4 Barbados
71%
5 Benin
71%
4 Central African Republic
71%
16 Cyprus
71%
7 Djibouti
71%
6 Guinea-Bissau
71%
11 Ivory Coast
71%
9 Kuwait
71%
10 Lebanon
71%
3 Malawi
71%
5 Malta
71%
32 Mongolia
71%
19 Montenegro
71%
7 Mozambique
71%
7 Papua New Guinea
71%
4 Saint Vincent and the Grenadines
71%
3 Sri Lanka
71%
3 Eswatini
69%
5 Guyana
69%
6 Monaco
69%
4 Namibia
69%
22 Philippines
69%
4 Rwanda
69%
24 Samoa
69%
18 Trinidad and Tobago
69%
5 Bangladesh
68%
7 Cape Verde
68%
4 East Timor
68%
5 Gabon
68%
3 Kiribati
68%
5 Maldives
68%
4 Marshall Islands
68%
8 Burkina Faso
66%
3 Federated States of Micronesia
66%
2 Myanmar
66%
4 Sierra Leone
66%
4 Tonga
66%
6 Grenada
64%
3 Palau
64%
51 Puerto Rico
64%
3 Sao Tome and Principe
64%
2 Solomon Islands
64%
2 Tuvalu
64%
6 Vanuatu
64%
6 Aruba
59%
1 Nauru
59%
36 Hong Kong
58%
16 Kyrgyzstan
54%
4 Cayman Islands
53%
8 Guam
53%
8 Bermuda
51%
4 British Virgin Islands
42%
2 Cook Islands
41%
5 United States Virgin Islands
36%
No matching quizzes found
Score Distribution
Percent of People with Each Score
Percentile by Number Answered
Your Score History
You have not taken this quiz